Anar al contingut

Правовые основы и стоимостная оценка объектов интеллектуальной собственности тексты лекций

Издаются в соответствии с программой дисциплин «Экономика отрасли» (объем 144 ч., семестры 6–7 ) и «Финансы операторов аэропортов» (108 ч, семестр 8). Рассмотрены вопросы правовой защиты и методы стоимостной оценки объектов интеллектуальной собственности при решении задач финансового анализа эффекти...

Descripció completa

Guardat en:
Dades bibliogràfiques
Autor principal: Кирилкин М. В.
Altres autors: Паристова Л. П.
Format: Книга
Idioma:Russian
Publicat: Санкт-Петербург СПБГУ ГА им. А.А. Новикова 2015
Accés en línia:https://e.lanbook.com/book/145612
https://e.lanbook.com/img/cover/book/145612.jpg
Etiquetes: Afegir etiqueta
Sense etiquetes, Sigues el primer a etiquetar aquest registre!
LEADER 02574nam0a2200241 i 4500
001 145612
003 RuSpLAN
005 20221220174053.0
008 221220s2015 ru gs 000 0 rus
040 |a RuSpLAN 
041 0 |a rus 
044 |a ru 
245 0 0 |a Правовые основы и стоимостная оценка объектов интеллектуальной собственности  |b тексты лекций  |c Кирилкин М. В.,Паристова Л. П. 
260 |a Санкт-Петербург  |b СПБГУ ГА им. А.А. Новикова  |c 2015 
300 |a 162 с. 
504 |a Библиогр.: доступна в карточке книги, на сайте ЭБС Лань 
520 8 |a Издаются в соответствии с программой дисциплин «Экономика отрасли» (объем 144 ч., семестры 6–7 ) и «Финансы операторов аэропортов» (108 ч, семестр 8). Рассмотрены вопросы правовой защиты и методы стоимостной оценки объектов интеллектуальной собственности при решении задач финансового анализа эффективности инновационного обновления предпринимательской деятельности предприятий. Рассчитаны на студентов университета гражданской авиации, обучающихся по направлению подготовки «Технология транспортных процессов», профиль подготовки «Организация перевозок и управление на воздушном транспорте». Могут быть рекомендованы студентам, обучающимся в СПб ГУГА по направлениям подготовки «Менеджмент», «Экономика» и др., аспирантам, а также руководящему и управленческому аппарату авиапредприятий. 
521 8 |a Книга из коллекции СПБГУ ГА им. А.А. Новикова - Право. Юридические науки 
100 1 |a Кирилкин М. В. 
700 1 |a Паристова Л. П. 
856 4 |u https://e.lanbook.com/book/145612 
856 4 8 |u https://e.lanbook.com/img/cover/book/145612.jpg 
953 |a https://e.lanbook.com/img/cover/book/145612.jpg